000 00388nam a22001697a 4500
005 20180621095436.0
008 160531b xxu||||| |||| 00| 0 eng d
020 _a978-0-07-066019-9
041 _aeng
082 _b6463
_a658
100 _aweihrich, heinz and others
_94388
245 _aManagement
260 _bTMH
_c2009
300 _a509
650 _aManagement
_9241
942 _cBK
999 _c2278
_d2277